Expert meeting : (Record no. 242)
[ view plain ]
| 000 -LEADER | |
|---|---|
| fixed length control field | 006090000a22001810004500 |
| 003 - CONTROL NUMBER IDENTIFIER | |
| control field | LK-CoMWRAF |
| 008 - FIXED-LENGTH DATA ELEMENTS--GENERAL INFORMATION | |
| fixed length control field | 230817t2001 ||||| |||| 00| 0 eng d |
| 040 ## - CATALOGING SOURCE | |
| Original cataloging agency | LK-CoMWRAF |
| Modifying agency | LK-CoMWRAF |
| Description conventions | LK-CoMWRAF |
| 041 ## - LANGUAGE CODE | |
| Language code of text/sound track or separate title | English |
| 082 ## - DEWEY DECIMAL CLASSIFICATION NUMBER | |
| Classification number | 362.8292 |
| Item number | ZER |
| 942 ## - ADDED ENTRY ELEMENTS (KOHA) | |
| Koha item type | Conference Proceeding |
| 111 ## - MAIN ENTRY--MEETING NAME | |
| Meeting name or jurisdiction name as entry element | EXPERT MEETING ON 'ZERO TOLERANCE FOR DOMESTIC VIOLENCE' |
| Location of meeting | (Tokyo, Japan, |
| Date of meeting | 7-9 th August, 2000) |
| 245 ## - TITLE STATEMENT | |
| Title | Expert meeting : |
| Remainder of title | zero tolerance for domestic violence |
| 260 ## - PUBLICATION, DISTRIBUTION, ETC. (IMPRINT) | |
| Place of publication, distribution, etc. | Tokyo: |
| Name of publisher, distributor, etc. | Asian Women's Fund, |
| Date of publication, distribution, etc. | 2000 |
| 300 ## - PHYSICAL DESCRIPTION | |
| Extent | 193 p. : ill. ; 30 cm |
| 490 ## - SERIES STATEMENT | |
| Series statement | Asian Women's Fund |
| Volume/sequential designation | 00-3 |
| 650 ## - SUBJECT ADDED ENTRY--TOPICAL TERM | |
| Topical term or geographic name as entry element | FAMILY VIOLENCE-ASIA-Congresses |
| Withdrawn status | Lost status | Damaged status | Not for loan | Permanent Location | Current Location | Date acquired | Full call number | Barcode | Koha item type |
|---|---|---|---|---|---|---|---|---|---|
| Resource center, Muslim Women's Research And Action Forum | Resource center, Muslim Women's Research And Action Forum | 2023-08-17 | 362.8292 ZER | RAF4716 | Books |

